<?xml version="1.0" encoding="UTF-8"?>
<record
    xmlns:xsi="http://www.w3.org/2001/XMLSchema-instance"
    xsi:schemaLocation="http://www.loc.gov/MARC21/slim http://www.loc.gov/standards/marcxml/schema/MARC21slim.xsd"
    xmlns="http://www.loc.gov/MARC21/slim">

  <leader>01134cam a2200229 i 4500</leader>
  <datafield tag="020" ind1=" " ind2=" ">
    <subfield code="a">1536104140</subfield>
  </datafield>
  <datafield tag="020" ind1=" " ind2=" ">
    <subfield code="a">9781536104141</subfield>
  </datafield>
  <datafield tag="040" ind1=" " ind2=" ">
    <subfield code="c">YDX</subfield>
  </datafield>
  <datafield tag="082" ind1="0" ind2="4">
    <subfield code="a">338 MIC 2017 C277 Or.</subfield>
  </datafield>
  <datafield tag="245" ind1="0" ind2="0">
    <subfield code="a">Feed the Future :</subfield>
    <subfield code="b">overview, issues and progress of the foreign assistance initiative /</subfield>
  </datafield>
  <datafield tag="300" ind1=" " ind2=" ">
    <subfield code="a">130 pages :</subfield>
    <subfield code="b">illustrations, maps ;</subfield>
    <subfield code="c">23 cm.</subfield>
  </datafield>
  <datafield tag="490" ind1="1" ind2=" ">
    <subfield code="a">Hunger and poverty: causes, impacts and eradication</subfield>
  </datafield>
  <datafield tag="520" ind1=" " ind2=" ">
    <subfield code="a">"The Obama Administration's Feed the Future (FTF) Initiative is a U.S. international development program launched in 2010 that invests in food security and agricultural development activities in a select group of developing countries in an effort to reduce hunger, malnutrition, poverty, and food insecurity. This book provides an overview of the program, as well as issues and progress of the foreign assistance initiative."--Preface.</subfield>
  </datafield>
  <datafield tag="650" ind1=" " ind2="0">
    <subfield code="a">Food relief</subfield>
  </datafield>
  <datafield tag="650" ind1=" " ind2="0">
    <subfield code="a">Food relief, American</subfield>
  </datafield>
  <datafield tag="650" ind1=" " ind2="0">
    <subfield code="a">Economic assistance, American</subfield>
  </datafield>
  <datafield tag="650" ind1=" " ind2="7">
    <subfield code="a">Economic assistance, American.</subfield>
  </datafield>
  <datafield tag="650" ind1=" " ind2="7">
    <subfield code="a">Food relief, American.</subfield>
  </datafield>
  <datafield tag="650" ind1=" " ind2="7">
    <subfield code="a">Food relief</subfield>
  </datafield>
  <datafield tag="700" ind1="1" ind2=" ">
    <subfield code="a">Garcia, Antoine,</subfield>
  </datafield>
  <datafield tag="942" ind1=" " ind2=" ">
    <subfield code="c">AEDBB</subfield>
  </datafield>
  <datafield tag="999" ind1=" " ind2=" ">
    <subfield code="c">19693</subfield>
    <subfield code="d">19693</subfield>
  </datafield>
  <datafield tag="952" ind1=" " ind2=" ">
    <subfield code="0">0</subfield>
    <subfield code="1">0</subfield>
    <subfield code="4">0</subfield>
    <subfield code="6">338_000000000000000_MIC_2017_C277_OR</subfield>
    <subfield code="7">0</subfield>
    <subfield code="9">86658</subfield>
    <subfield code="a">LBC</subfield>
    <subfield code="b">LBC</subfield>
    <subfield code="c">C277</subfield>
    <subfield code="d">2021-02-08</subfield>
    <subfield code="e">A40876</subfield>
    <subfield code="o">338 MIC 2017 C277 Or.</subfield>
    <subfield code="r">2021-02-08</subfield>
    <subfield code="y">AEDBB</subfield>
  </datafield>
  <datafield tag="952" ind1=" " ind2=" ">
    <subfield code="0">0</subfield>
    <subfield code="1">0</subfield>
    <subfield code="4">0</subfield>
    <subfield code="6">338_000000000000000_MIC_2017_C277_OR</subfield>
    <subfield code="7">0</subfield>
    <subfield code="9">86659</subfield>
    <subfield code="a">LBC</subfield>
    <subfield code="b">LBC</subfield>
    <subfield code="c">C277</subfield>
    <subfield code="d">2021-02-08</subfield>
    <subfield code="e">A40971</subfield>
    <subfield code="o">338 MIC 2017 C277 Or.</subfield>
    <subfield code="r">2021-02-08</subfield>
    <subfield code="y">AEDBB</subfield>
  </datafield>
  <datafield tag="952" ind1=" " ind2=" ">
    <subfield code="0">0</subfield>
    <subfield code="1">0</subfield>
    <subfield code="4">0</subfield>
    <subfield code="6">338_000000000000000_MIC_2017_C277_OR</subfield>
    <subfield code="7">0</subfield>
    <subfield code="9">86660</subfield>
    <subfield code="a">LBC</subfield>
    <subfield code="b">LBC</subfield>
    <subfield code="c">C277</subfield>
    <subfield code="d">2021-02-08</subfield>
    <subfield code="e">A40886</subfield>
    <subfield code="o">338 MIC 2017 C277 Or.</subfield>
    <subfield code="r">2021-02-08</subfield>
    <subfield code="y">AEDBB</subfield>
  </datafield>
  <datafield tag="952" ind1=" " ind2=" ">
    <subfield code="0">0</subfield>
    <subfield code="1">0</subfield>
    <subfield code="4">0</subfield>
    <subfield code="6">338_000000000000000_MIC_2017_C277_OR</subfield>
    <subfield code="7">0</subfield>
    <subfield code="9">86661</subfield>
    <subfield code="a">LBC</subfield>
    <subfield code="b">LBC</subfield>
    <subfield code="c">C277</subfield>
    <subfield code="d">2021-02-08</subfield>
    <subfield code="e">A41106</subfield>
    <subfield code="o">338 MIC 2017 C277 Or.</subfield>
    <subfield code="r">2021-02-08</subfield>
    <subfield code="y">AEDBB</subfield>
  </datafield>
  <datafield tag="952" ind1=" " ind2=" ">
    <subfield code="0">0</subfield>
    <subfield code="1">0</subfield>
    <subfield code="4">0</subfield>
    <subfield code="6">338_000000000000000_MIC_2017_C277_OR</subfield>
    <subfield code="7">0</subfield>
    <subfield code="9">86662</subfield>
    <subfield code="a">LBC</subfield>
    <subfield code="b">LBC</subfield>
    <subfield code="c">C277</subfield>
    <subfield code="d">2021-02-08</subfield>
    <subfield code="e">A41046</subfield>
    <subfield code="o">338 MIC 2017 C277 Or.</subfield>
    <subfield code="r">2021-02-08</subfield>
    <subfield code="y">AEDBB</subfield>
  </datafield>
</record>
